000 00926nam a22002897a 4500
001 6958
003 FISKH
005 20250611155322.0
008 250611b cb ||||| |||| 00| 0 eng d
020 _a9780439110914
040 _aDLC
_cDLC
_dDLC
_beng
050 _aPZ7.T2193825 S
082 _a791.43
100 1 _aTeague, Mark.
_d(1976-)
245 1 4 _aThe secret shortcut /
_cby Mark Teague.
250 _aThis edition first published in 1999
260 _aNew York :
_bScholastic,
_c1996.
300 _a30 unnumbered pages :
_bcolor illustrations ;
_c23 x 26 cm
505 _aN
520 _aBecause Wendell and Floyd have a problem getting to school on time, they decide to take a shortcut which, however, leads to unexpected adventures.
521 8 _a570
_bLexile
521 8 _aN
_bRaz-Plus
650 1 _aPunctuality
_xFiction.
650 1 _aSchools
_xFiction.
942 _2ddc
_cBK
_n0
999 _c6958
_d6958